| 000 | 00825aam a2200301 i 4500 | ||
|---|---|---|---|
| 999 |
_c35432 _d35432 |
||
| 001 | 768714001 | ||
| 003 | CO-MdFUSB | ||
| 005 | 20200524005051.0 | ||
| 007 | ta | ||
| 008 | 200524t1998 ck ||||| |||| 00| 0 spa d | ||
| 020 | _a[No incluye ISBN] | ||
| 040 |
_bspa. _aCO-MdFUSB _cCO-MdFUSB _dCO-MdFUSBC _erda |
||
| 041 | _aspa | ||
| 082 | 0 | 4 |
_223 _a811.52 _bG447 |
| 100 | 1 |
_aGibran, Gibran khalil (1883-1931) _eautor |
|
| 245 | 1 | 3 |
_aEl profeta _c/ Gibran Khalil Gibran |
| 250 | _aTercera edición | ||
| 264 | 1 |
_aBogotá : _bAmérica Latina, _c[1988] |
|
| 264 | 4 | _c© 1998 | |
| 300 |
_a93 páginas _c; 23 cm |
||
| 336 |
_atexto _btxt _2rdacontent |
||
| 337 |
_2rdamedia _asin mediación _bn |
||
| 338 |
_2rdacarrier _avolumen _bnc |
||
| 563 | _aRústico | ||
| 653 | _apoesía religiosa | ||
| 942 | _cBK | ||
| 945 | _aJTF-925 | ||